000 00355nam a22001337a 4500
020 _qPB.
040 _cFIZZA ISHAQ
082 _a005.43
_bABR
100 _aGALVIN BAER PETER ABRAHAM.
_986840
245 _aSLITHER CHAZ'S OPERATING SYSTEM /
_c ABRAHAM PETER BAER GALVIN.
260 _aASIA :
_bJOHN WILLEY,
_c2019.
300 _a864 P. ;
942 _2ddc
_cBK
999 _c587428
_d587428